[Event "Autumn Tournament 2016"]
[Site "SchemingMind.com"]
[Date "2016.08.20"]
[Round "-"]
[White "fanfan_la_Tulipe"]
[Black "Stephen Woodhouse"]
[Result "1/2-1/2"]
[WhiteCountry "AUT"]
[BlackCountry "ENG"]
[WhiteElo "2102"]
[WhiteRD "86"]
[BlackElo "1872"]
[BlackRD "55"]
[GameID "402783"]

1. Nf3 e6 2. c4 d5 3. g3 Nf6 4. Bg2 c5 5. O-O Nc6 6. cxd5 exd5 7. d4 Be7 8. Nc3 O-O 9. dxc5 Bxc5 10. Na4 Be7
11. Be3 Re8 12. Rc1 Bg4 13. Nc5 Qb6 14. Nb3 Qa6 15. a3 Rac8 16. h3 Bxf3 17. Bxf3 Ne5 18. Bg2 Rxc1 19. Qxc1 Qxe2 20. Bxa7 Nd3
21. Qe3 Qxe3 22. Bxe3 Nxb2 23. Bd4 Nc4 24. Bxf6 Bxf6 25. Bxd5 Nxa3 26. Bxb7 Nc4=
1/2-1/2

[Event "Autumn Tournament 2016"]
[Site "SchemingMind.com"]
[Date "2016.08.20"]
[Round "-"]
[White "Stephen Woodhouse"]
[Black "fanfan_la_Tulipe"]
[Result "1/2-1/2"]
[WhiteCountry "ENG"]
[BlackCountry "AUT"]
[WhiteElo "1872"]
[WhiteRD "55"]
[BlackElo "2102"]
[BlackRD "86"]
[GameID "402784"]

1. e4 e5 2. Nf3 Nc6 3. d4 exd4 4. Nxd4 Bc5 5. Nxc6 Qf6 6. Qf3 bxc6 7. Nd2 Qxf3 8. Nxf3 Nf6 9. Bd3 O-O 10. O-O d5
11. exd5 cxd5 12. Bf4 c6 13. Rfe1 a5 14. h3 a4 15. Ne5 Bd6 16. Bh2 c5 17. Nc6 Bxh2+ 18. Kxh2 Be6 19. Ne7+ Kh8 20. Bf5 Rab8
21. b3 Bxf5 22. Nxf5 Ra8 23. f3 g6 24. Ne3 Rfe8 25. Ng4 Rxe1 26. Rxe1 Nxg4+ 27. hxg4 axb3 28. axb3 Ra2 29. Re2 Kg7 30. g5 h6
31. gxh6+ Kxh6 32. Kg3 Kg5 33. f4+ Kf6 34. Kf3 g5=
1/2-1/2

[Event "Autumn Tournament 2016"]
[Site "SchemingMind.com"]
[Date "2016.08.21"]
[Round "-"]
[White "fanfan_la_Tulipe"]
[Black "JAHI"]
[Result "1/2-1/2"]
[WhiteCountry "AUT"]
[BlackCountry "INT"]
[WhiteElo "2089"]
[WhiteRD "76"]
[BlackElo "2028"]
[BlackRD "57"]
[GameID "402793"]

1. Nf3 g6 2. c4 Bg7 3. d4 c6 4. Nc3 a6 5. g3 a5 6. Bg2 b6 7. O-O Na6 8. e4 Nc7 9. Be3 Ba6 10. Rc1 Rc8
11. Na4 Nf6 12. Nxb6 Rb8 13. d5 cxd5 14. exd5 Ng4 15. Bd4 Kf8 16. Bxg7+ Kxg7 17. Qd4+ Nf6 18. Ne5 Bb5 19. Rfe1 d6 20. cxb5 Nxb5
21. Qd2 dxe5 22. Nc4 e4 23. Bxe4 Nd6 24. Nxd6 Qxd6 25. b3 Qb4 26. Qe3 Qa3 27. Qd2 Qb4 28. Qxb4 axb4 29. Rc7 Rhd8 30. Rxe7 Nxd5
31. Bxd5 Rxd5 32. Ra7 g5 33. Ree7 Rf5 34. Rab7 Rd8 35. Re2 Rd4 36. Kg2 h6 37. Rbe7 h5 38. R7e4 Rfd5 39. Rxd4 Rxd4 40. Kf3 Rd3+
41. Ke4 Rd8 42. Rc2 Kg6 43. Rc6+ f6 44. Rc4 Rd2 45. Ke3 Rxa2 46. Rxb4 Rb2 47. h3 h4 48. gxh4 gxh4 49. Rxh4 Rxb3+ 50. Kf4 Rb4+
51. Kg3 Rb1 52. Ra4 Rg1+ 53. Kf3 Rh1 54. Kg2 Rb1 55. Rg4+ Kf5 56. f3=
1/2-1/2

[Event "Autumn Tournament 2016"]
[Site "SchemingMind.com"]
[Date "2016.08.21"]
[Round "-"]
[White "JAHI"]
[Black "fanfan_la_Tulipe"]
[Result "0-1"]
[WhiteCountry "INT"]
[BlackCountry "AUT"]
[WhiteElo "2028"]
[WhiteRD "57"]
[BlackElo "2089"]
[BlackRD "76"]
[GameID "402794"]

1. g3 Nf6 2. Bg2 g6 3. c3 Bg7 4. a3 d5 5. a4 c5 6. b3 Nc6 7. Na3 e5 8. Nc2 O-O 9. Ba3 b6 10. Rc1 Bb7
11. b4 cxb4 12. Nxb4 Re8 13. Nxc6 Bxc6 14. a5 Qd7 15. Bh3 Qb7 16. Nf3 d4 17. Bg2 Rad8 18. cxd4 exd4 19. Kf1 d3 20. e3 Ng4
21. a6 Qa8 22. Ne1 Bxg2+ 23. Nxg2 Ne5 24. Bb2 Rc8 25. Rxc8 Rxc8 26. Bxe5 Bxe5 27. f3 Bb2 28. Kf2 Rc1 29. Qxc1 Bxc1 30. Rxc1 Qd5
31. Nf4 Qa2 32. Ke1 Qxa6 33. Kf2 Qb5 34. Rc3 a5 35. Rxd3 a4 36. h3 Qb2 37. Rd8+ Kg7 38. Ra8 Qxd2+ 39. Ne2 Qc2 40. h4 b5
41. g4 b4 42. g5 a3 43. Ra5 a2 44. f4 Qb2 45. e4 a1=Q 46. Rxa1 Qxa1 47. h5 gxh5 48. f5 b3 49. Ke3 b2 50. Nc3 Qc1+
51. Kd4 Qxc3+ 52. Kxc3 b1=Q 53. Kd4 Qg1+ 54. Kc4 Qxg5 55. Kb5 Kf6 56. e5+ Kxe5 57. Kc5 Qc1+ 58. Kb5 Kd5 59. Kb6 Qc5+ 60. Kb7 Qc6+
61. Ka7 Qb5 62. Ka8 Kc6 63. f6 Qb7#
0-1

[Event "Autumn Tournament 2016"]
[Site "SchemingMind.com"]
[Date "2016.08.21"]
[Round "-"]
[White "Stephen Woodhouse"]
[Black "JAHI"]
[Result "0-1"]
[WhiteCountry "ENG"]
[BlackCountry "INT"]
[WhiteElo "1872"]
[WhiteRD "55"]
[BlackElo "2051"]
[BlackRD "62"]
[GameID "402795"]

1. e4 g6 2. d4 Bg7 3. Nc3 c6 4. f4 a6 5. Nf3 a5 6. Bd3 b6 7. O-O Na6 8. a3 Bb7 9. Qe2 Qc7 10. Be3 b5
11. e5 Nh6 12. Rae1 b4 13. axb4 Nxb4 14. Ne4 Nxd3 15. cxd3 Nf5 16. g4 Nxe3 17. Qxe3 Qb6 18. Nfg5 h6 19. Nd6+ Kf8 20. Ngxf7 Rh7
21. f5 gxf5 22. Rxf5 Kg8 23. g5 exd6 24. g6 Rh8 25. Nxh8 Kxh8 26. Rh5 Qxb2 27. Rxh6+ Kg8 28. Qf4 Rf8 29. Qh4 Bxh6 30. Qxh6 Qf2+
31. Kh1 c5+
0-1

[Event "Autumn Tournament 2016"]
[Site "SchemingMind.com"]
[Date "2016.08.21"]
[Round "-"]
[White "JAHI"]
[Black "Stephen Woodhouse"]
[Result "1-0"]
[WhiteCountry "INT"]
[BlackCountry "ENG"]
[WhiteElo "2051"]
[WhiteRD "62"]
[BlackElo "1872"]
[BlackRD "55"]
[GameID "402796"]

1. g3 d5 2. Bg2 Nf6 3. c3 e5 4. a3 Bd6 5. a4 O-O 6. b3 c6 7. Na3 Bf5 8. Nc2 Nbd7 9. Ba3 Qe7 10. Bxd6 Qxd6
11. Ne3 Be6 12. Nf3 Rae8 13. Qc2 Ne4 14. d3 Nef6 15. a5 e4 16. dxe4 Nxe4 17. Nd4 Ndf6 18. a6 b6 19. f3 Nc5 20. Qd2 Bc8
21. b4 Nxa6 22. Nef5 Qd7 23. Qg5 g6 24. Nh6+ Kg7 25. Ndf5+
1-0

[Event "Autumn Tournament 2016"]
[Site "SchemingMind.com"]
[Date "2016.08.31"]
[Round "-"]
[White "fanfan_la_Tulipe"]
[Black "flyinduck"]
[Result "1/2-1/2"]
[WhiteCountry "AUT"]
[BlackCountry "CAN"]
[WhiteElo "2089"]
[WhiteRD "76"]
[BlackElo "2021"]
[BlackRD "57"]
[GameID "403133"]

1. Nf3 d5 2. c4 e6 3. g3 Nf6 4. Bg2 Be7 5. O-O O-O 6. d4 c5 7. cxd5 exd5 8. Nc3 Nc6 9. b3 Bg4 10. Bb2 Rc8
11. dxc5 Bxc5 12. Rc1 Re8 13. h3 Be6 14. e3 Bf8 15. Na4 Ne4 16. Qe2 Qa5 17. Nd4 Nxd4 18. Bxd4 b5 19. Nb2 Rxc1 20. Rxc1 Qxa2
21. Qxb5 Nd6 22. Qa4 Qxa4 23. bxa4 Rc8 24. Rxc8 Nxc8 25. Nd3 g5 26. Kf1 Bg7 27. Bxg7 Kxg7 28. Nb4 Ne7 29. Ke2 Kf6 30. Kd3 Ke5
31. Kc3=
1/2-1/2

[Event "Autumn Tournament 2016"]
[Site "SchemingMind.com"]
[Date "2016.08.30"]
[Round "-"]
[White "flyinduck"]
[Black "fanfan_la_Tulipe"]
[Result "0-1"]
[WhiteCountry "CAN"]
[BlackCountry "AUT"]
[WhiteElo "2021"]
[WhiteRD "57"]
[BlackElo "2089"]
[BlackRD "76"]
[GameID "403134"]

1. d4 Nf6 2. Bg5 Ne4 3. Bf4 c5 4. f3 Qa5+ 5. c3 Nf6 6. d5 Qb6 7. Nd2 Nxd5 8. Nc4 Qe6 9. Bxb8 Rxb8 10. e4 Nb6
11. Ne3 g6 12. a4 a5 13. Bb5 Bg7 14. Nh3 O-O 15. O-O Qe5 16. Ng4 Qc7 17. f4 d5 18. e5 h5 19. Ngf2 c4 20. g4 hxg4
21. Nxg4 Qc5+ 22. Kg2 Bf5 23. Nhf2 Rbd8 24. Qd4 Qxd4 25. cxd4 Rc8 26. Rac1 Na8 27. Ne3 Be6 28. Rc3 Nc7 29. b3 Nxb5 30. axb5 cxb3
31. Rxb3 b6 32. Nfd1 Rc1 33. Nc3 Rxf1 34. Nxf1 f6 35. Na4 Rb8 36. Rc3 Bd7 37. Rb3 fxe5 38. fxe5 Bh6 39. Nc3 e6 40. Na4 Bf8
41. Ne3 Bb4 42. Nc3 Rc8 43. Ng4 Rxc3
0-1

[Event "Autumn Tournament 2016"]
[Site "SchemingMind.com"]
[Date "2016.08.30"]
[Round "-"]
[White "Stephen Woodhouse"]
[Black "flyinduck"]
[Result "0-1"]
[WhiteCountry "ENG"]
[BlackCountry "CAN"]
[WhiteElo "1891"]
[WhiteRD "56"]
[BlackElo "2053"]
[BlackRD "55"]
[GameID "403135"]

1. e4 e5 2. Nf3 Nf6 3. d4 Nxe4 4. Bd3 d5 5. Nxe5 Nd7 6. Nxd7 Bxd7 7. O-O Bd6 8. c4 c6 9. cxd5 cxd5 10. Qh5 O-O
11. Qxd5 Bc6 12. Qh5 g6 13. Qh3 Ng5 14. Bxg5 Qxg5 15. Nc3 Rae8 16. Rae1 Rxe1 17. Rxe1 Qd2 18. Qe3 Qxb2 19. Bc4 Re8 20. Qc1 Rxe1+
21. Qxe1 Bb4
0-1

[Event "Autumn Tournament 2016"]
[Site "SchemingMind.com"]
[Date "2016.08.30"]
[Round "-"]
[White "flyinduck"]
[Black "Stephen Woodhouse"]
[Result "1-0"]
[WhiteCountry "CAN"]
[BlackCountry "ENG"]
[WhiteElo "2053"]
[WhiteRD "55"]
[BlackElo "1891"]
[BlackRD "56"]
[GameID "403136"]

1. d4 e6 2. e4 d5 3. Nc3 Nf6 4. e5 Nfd7 5. f4 c5 6. Nf3 Nc6 7. Be3 cxd4 8. Nxd4 Bc5 9. Qd2 Nxd4 10. Bxd4 Bxd4
11. Qxd4 Qb6 12. Qxb6 Nxb6 13. Nb5 Ke7 14. Bd3 Bd7 15. Nd4 Na4 16. b3 Nc5 17. Kd2 Nxd3 18. cxd3 g6 19. g4 h5 20. h3 Rac8
21. Raf1 f6 22. exf6+ Kxf6 23. g5+ Ke7 24. Nf3 Be8 25. Rc1 Bf7 26. Rxc8 Rxc8 27. Rc1 Rxc1 28. Kxc1 Kd6 29. Kd2 Kc5 30. Kc3 a5
31. a3 b5 32. b4+ axb4+ 33. axb4+ Kd6 34. Kd4 Be8 35. Ne5
1-0

[Event "Autumn Tournament 2016"]
[Site "SchemingMind.com"]
[Date "2016.08.31"]
[Round "-"]
[White "flyinduck"]
[Black "JAHI"]
[Result "0-1"]
[WhiteCountry "CAN"]
[BlackCountry "INT"]
[WhiteElo "2021"]
[WhiteRD "57"]
[BlackElo "2028"]
[BlackRD "57"]
[GameID "403137"]

1. d4 g6 2. e4 Bg7 3. Nc3 c6 4. Be3 a6 5. Qd2 a5 6. Bd3 b6 7. h4 Na6 8. h5 b5 9. Nf3 Nc7 10. O-O-O Ba6
11. Rh2 b4 12. Ne2 Bxd3 13. cxd3 gxh5 14. Rxh5 Nf6 15. Rh4 Ne6 16. Rdh1 d6 17. e5 Nd5 18. Rxh7 Rxh7 19. Rxh7 Kd7 20. Kb1 a4
21. Bg5 f6 22. exf6 Bxf6 23. Bxf6 Nxf6 24. Rh1 Qg8 25. Ne1 Nd5 26. g3 a3 27. b3 Rf8 28. f4 Nec7 29. Nc2 Qg4 30. Re1 Rh8
31. Nxb4 Nxb4 32. Qxb4 Rh2 33. Qd2 Qxg3
0-1

[Event "Autumn Tournament 2016"]
[Site "SchemingMind.com"]
[Date "2016.08.30"]
[Round "-"]
[White "JAHI"]
[Black "flyinduck"]
[Result "1/2-1/2"]
[WhiteCountry "INT"]
[BlackCountry "CAN"]
[WhiteElo "2028"]
[WhiteRD "57"]
[BlackElo "2021"]
[BlackRD "57"]
[GameID "403138"]

1. g3 e5 2. Bg2 d5 3. c3 Nc6 4. a3 Be6 5. a4 Bd6 6. b3 h5 7. Na3 Qd7 8. b4 h4 9. Nc2 Nf6 10. Ba3 O-O-O
11. b5 Ne7 12. Bxd6 cxd6 13. Qb1 Rh6 14. a5 Rdh8 15. gxh4 Rxh4 16. Nf3 R4h5 17. Ne3 e4 18. Nd4 Rxh2 19. Rg1 Ng6 20. Qb4 Nf4
21. Bf1 g6 22. a6 b6 23. Nc6 Qc7 24. c4 d4 25. Nd5 Bxd5 26. cxd5 Rh1 27. Rxh1 Rxh1 28. Qxd4 Ng2+ 29. Kd1 Rxf1+ 30. Kc2 Rxa1
31. Qxa1 Nxd5 32. Qh8+ Kd7 33. Qh3+ Ke8 34. Qh8+ Kd7 35. Qh3+ Ke8 36. Qh8+ Kd7
1/2-1/2

[Event "Autumn Tournament 2016"]
[Site "SchemingMind.com"]
[Date "2016.09.01"]
[Round "-"]
[White "black cloud"]
[Black "fanfan_la_Tulipe"]
[Result "1-0"]
[WhiteCountry "ENG"]
[BlackCountry "AUT"]
[WhiteElo "1883"]
[WhiteRD "88"]
[BlackElo "2089"]
[BlackRD "76"]
[GameID "403205"]

1. e4 e5 2. Bc4 Nf6 3. d3 Nc6 4. Nc3 Bb4 5. Ne2 d5 6. exd5 Nxd5 7. O-O Be6 8. Bxd5 Bxd5 9. f4 O-O 10. f5 Bxc3
11. bxc3 f6 12. Ng3 Qd7 13. Qg4 Kh8 14. Ba3 Rfe8 15. Bc5 b6 16. Be3 Bf7 17. a4 a5 18. Ne2 Re7 19. Bf2 Qe8 20. Rfe1 Rd8
21. Rab1 e4 22. d4 e3 23. Bg3 Re4 24. Qf3 Bh5 25. Qf1 Qd7 26. Rb5 Na7 27. Rbb1 Re7 28. Nf4 Qxf5 29. Nxh5 Qxh5 30. Re2 Qe8
31. Rbe1 Qxa4 32. Qf3 Qc6 33. Qxc6 Nxc6 34. Rxe3 Rxe3 35. Rxe3 Rd7 36. Re8#
1-0

[Event "Autumn Tournament 2016"]
[Site "SchemingMind.com"]
[Date "2016.09.02"]
[Round "-"]
[White "fanfan_la_Tulipe"]
[Black "black cloud"]
[Result "1-0"]
[WhiteCountry "AUT"]
[BlackCountry "ENG"]
[WhiteElo "2085"]
[WhiteRD "86"]
[BlackElo "1821"]
[BlackRD "106"]
[GameID "403206"]

1. Nf3 c5 2. c4 Nc6 3. Nc3 e5 4. e3 Nf6 5. d4 cxd4 6. exd4 e4 7. Ne5 Bb4 8. Be2 Qa5 9. Nxc6 dxc6 10. Bd2 O-O
11. a3 Bxc3 12. Bxc3 Qg5 13. Qd2 Qxg2 14. O-O-O Qxf2 15. Rdf1 Qh4 16. d5 cxd5 17. Rxf6 gxf6 18. Rg1+ Kh8 19. Rf1 Qxh2 20. Bxf6+ Kg8
21. Qg5#
1-0

[Event "Autumn Tournament 2016"]
[Site "SchemingMind.com"]
[Date "2016.09.01"]
[Round "-"]
[White "black cloud"]
[Black "Stephen Woodhouse"]
[Result "1-0"]
[WhiteCountry "ENG"]
[BlackCountry "ENG"]
[WhiteElo "1821"]
[WhiteRD "106"]
[BlackElo "1891"]
[BlackRD "56"]
[GameID "403207"]

1. Nf3 e6 2. g3 d5 3. Bg2 Nf6 4. O-O c5 5. d3 Nc6 6. Nbd2 Be7 7. e4 O-O 8. e5 Nd7 9. Re1 b5 10. Nf1 Bb7
11. h4 Rc8 12. Bf4 Qc7 13. Ne3 Nb6 14. Ng4 Kh8 15. h5 d4 16. h6 gxh6 17. Nxh6 Nd5 18. Bg5 Bxg5 19. Nxg5 Qe7 20. Qh5 Rc7
21. Nf5
1-0

[Event "Autumn Tournament 2016"]
[Site "SchemingMind.com"]
[Date "2016.09.01"]
[Round "-"]
[White "Stephen Woodhouse"]
[Black "black cloud"]
[Result "1-0"]
[WhiteCountry "ENG"]
[BlackCountry "ENG"]
[WhiteElo "1872"]
[WhiteRD "55"]
[BlackElo "1730"]
[BlackRD "126"]
[GameID "403208"]

1. e4 e5 2. Nf3 Nc6 3. d4 exd4 4. Nxd4 Nf6 5. Nc3 Bb4 6. Nxc6 bxc6 7. Bd3 O-O 8. O-O d5 9. exd5 cxd5 10. Bg5 c6
11. Qf3 h6 12. Bh4 Re8 13. Rfe1 g5 14. Bg3 Bg4 15. Rxe8+
1-0

[Event "Autumn Tournament 2016"]
[Site "SchemingMind.com"]
[Date "2016.09.01"]
[Round "-"]
[White "black cloud"]
[Black "flyinduck"]
[Result "0-1"]
[WhiteCountry "ENG"]
[BlackCountry "CAN"]
[WhiteElo "1883"]
[WhiteRD "88"]
[BlackElo "2021"]
[BlackRD "57"]
[GameID "403209"]

1. Nf3 d5 2. g3 Nf6 3. Bg2 e6 4. d3 Be7 5. O-O O-O 6. Nbd2 c5 7. e4 Nc6 8. Re1 b5 9. e5 Nd7 10. Nf1 b4
11. h4 a5 12. Bf4 Ba6 13. Ne3 Nd4 14. Nh2 Qb6 15. h5 Rfc8 16. h6 g6 17. Nhg4 Ra7 18. Qd2 c4 19. dxc4 dxc4 20. Nf6+ Nxf6
21. exf6 c3 22. bxc3 bxc3 23. Qd1 Bxf6 24. Ng4 Bh8 25. Be5 Bxe5 26. Nxe5 Rd8 27. Nd3 Rad7 28. Rb1 Qa7 29. Qg4 Nf5 30. Qg5 Bxd3
31. cxd3 Rxd3 32. g4 c2 33. Rbc1 Rd2 34. Rf1 Qe7 35. Qf4 e5 36. Qa4 Nd4 37. Qxa5 Ne2+
0-1

[Event "Autumn Tournament 2016"]
[Site "SchemingMind.com"]
[Date "2016.09.02"]
[Round "-"]
[White "flyinduck"]
[Black "black cloud"]
[Result "1-0"]
[WhiteCountry "CAN"]
[BlackCountry "ENG"]
[WhiteElo "2042"]
[WhiteRD "57"]
[BlackElo "1841"]
[BlackRD "82"]
[GameID "403210"]

1. d4 d5 2. c4 Bf5 3. cxd5 Bxb1 4. Qa4+ c6 5. dxc6 Nxc6 6. Rxb1 Qxd4 7. Qxd4 Nxd4 8. e3 Nc6 9. b4 e6 10. a3 Bd6
11. Nf3 Nf6 12. Bb5 Rc8 13. Nd4 Ke7 14. Nxc6+ bxc6 15. Bd3 c5 16. bxc5 Bxc5 17. Rb7+ Nd7 18. Bb5 Rhd8 19. a4 Rb8 20. Rxb8 Rxb8
21. Ke2 f5 22. Rd1 Nb6 23. Bb2 g5 24. Be5 Rc8 25. f3 Nd5 26. e4 fxe4 27. fxe4 Nf6 28. Rc1 Nxe4 29. Bd3 Nd6 30. Bxh7 Kd7
31. Kf3 Nf5 32. g3 Be7 33. Rxc8 Kxc8 34. Kg4 Nh6+ 35. Kh5 Nf7 36. Bd4 a5 37. Kg6 Nd6 38. Bf6 Kd7 39. Bxg5 Bxg5 40. Kxg5 Ke7
41. h4 Kf7 42. Bd3 e5 43. h5 e4 44. Ba6 Kg7 45. Kf4 Kh6 46. Be2
1-0

[Event "Autumn Tournament 2016"]
[Site "SchemingMind.com"]
[Date "2016.09.06"]
[Round "-"]
[White "black cloud"]
[Black "JAHI"]
[Result "0-1"]
[WhiteCountry "ENG"]
[BlackCountry "INT"]
[WhiteElo "1839"]
[WhiteRD "99"]
[BlackElo "2012"]
[BlackRD "61"]
[GameID "403211"]

1. e4 g6 2. d4 Bg7 3. Nc3 c6 4. Nf3 a6 5. a4 a5 6. Be2 b6 7. O-O Na6 8. Be3 Bb7 9. Qd2 h6 10. Rfe1 g5
11. Rad1 Nb4 12. e5 d6 13. Ne4 Kf8 14. exd6 exd6 15. Ng3 g4 16. Nf5 gxf3 17. Bxf3 Bc8 18. Nxg7 Kxg7 19. d5 c5 20. Qe2 Bf5
21. Rc1 Qd7 22. Bd2 Nf6 23. c4 Nd3
0-1

[Event "Autumn Tournament 2016"]
[Site "SchemingMind.com"]
[Date "2016.09.06"]
[Round "-"]
[White "JAHI"]
[Black "black cloud"]
[Result "1-0"]
[WhiteCountry "INT"]
[BlackCountry "ENG"]
[WhiteElo "2047"]
[WhiteRD "58"]
[BlackElo "1841"]
[BlackRD "82"]
[GameID "403212"]

1. g3 d5 2. Bg2 Nf6 3. c3 c6 4. a3 Bg4 5. f3 Bh5 6. a4 Nbd7 7. b3 e5 8. Na3 Bd6 9. b4 O-O 10. a5 Re8
11. Nh3 Qc7 12. Nf2 Rad8 13. d3 Bg6 14. Nc2 e4 15. Nd4 exd3 16. Nxd3 Re7 17. Nf4 Rde8 18. Qb3 Ne5 19. Nxg6 hxg6 20. Qc2 Nc4
21. Ra2 Ne3 22. Bxe3 Rxe3 23. f4 g5 24. fxg5 Bxg3+ 25. Kd1 Ng4 26. hxg3 Nf2+ 27. Kc1 Nxh1 28. Bxh1 Qxg3 29. Kb2 Qxg5 30. Bf3 Qf6
31. Ra1 g5 32. Rh1 Qg6 33. Nf5 R3e5 34. Bg4 b6 35. axb6 axb6 36. Rh6 Qxf5 37. Bxf5 Rxe2 38. Rxc6 Rxc2+ 39. Kxc2 Re5 40. Bc8 f5
41. Rxb6 g4 42. Re6 Rxe6 43. Bxe6+
1-0

[Event "Autumn Tournament 2016"]
[Site "SchemingMind.com"]
[Date "2016.09.03"]
[Round "-"]
[White "black cloud"]
[Black "Simon Green"]
[Result "1-0"]
[WhiteCountry "ENG"]
[BlackCountry "ENG"]
[WhiteElo "1883"]
[WhiteRD "88"]
[BlackElo "1616"]
[BlackRD "66"]
[GameID "403271"]

1. e4 e6 2. d3 d5 3. Nd2 Nf6 4. g3 c6 5. Bg2 Be7 6. Ngf3 O-O 7. exd5 exd5 8. O-O Bg4 9. h3 Bxf3 10. Nxf3 Nbd7
11. c4 dxc4 12. dxc4 Nc5 13. b3 Qxd1 14. Rxd1 Rad8 15. Be3 a6 16. Nd4 h6 17. Nf5 Rxd1+ 18. Rxd1 Re8 19. Nxe7+ Rxe7 20. Bxc5 Rd7
21. Rxd7 Nxd7 22. Bd4 c5 23. Bb2 b6 24. Bc6 Nf6 25. Bxf6 gxf6 26. f4 Kf8 27. Kf2 Ke7 28. Ke3 f5 29. g4 fxg4 30. hxg4 Kd6
31. Bb7 a5 32. Bd5 f6 33. Ke4
1-0

[Event "Autumn Tournament 2016"]
[Site "SchemingMind.com"]
[Date "2016.09.04"]
[Round "-"]
[White "Simon Green"]
[Black "black cloud"]
[Result "1-0"]
[WhiteCountry "ENG"]
[BlackCountry "ENG"]
[WhiteElo "1639"]
[WhiteRD "63"]
[BlackElo "1841"]
[BlackRD "82"]
[GameID "403272"]

1. d4 d5 2. e3 Bf5 3. Bd3 e6 4. f4 Nd7 5. Nf3 Nh6 6. O-O Be7 7. Ne5 O-O 8. c3 f6 9. Bxf5 Nxf5 10. Nxd7 Qxd7
11. Qe2 c5 12. Nd2 Bd6 13. Nf3 Rae8 14. b3 e5 15. fxe5 fxe5 16. Qd2 e4 17. Ng5 Qe7 18. Nh3 Nh6 19. Rxf8+ Rxf8 20. Ba3 b6
21. Rf1 Rxf1+ 22. Kxf1 Ng4 23. g3 Nxh2+ 24. Qxh2 Qf7+ 25. Nf2 Qf3 26. Bc1 cxd4 27. cxd4 Bxg3 28. Qg2 Qxg2+ 29. Kxg2 Bxf2 30. Kxf2 Kf7
31. Ba3 Ke6 32. Kg3 g6 33. Bb4 h5 34. Kh4 b5 35. Kg5 Kf7 36. Bc5 a6 37. b4 Ke6 38. Ba7 Kf7 39. Bb8 Kg7 40. Be5+ Kf7
41. a3
1-0

[Event "Autumn Tournament 2016"]
[Site "SchemingMind.com"]
[Date "2016.09.03"]
[Round "-"]
[White "fanfan_la_Tulipe"]
[Black "Simon Green"]
[Result "1-0"]
[WhiteCountry "AUT"]
[BlackCountry "ENG"]
[WhiteElo "2081"]
[WhiteRD "86"]
[BlackElo "1600"]
[BlackRD "67"]
[GameID "403273"]

1. Nf3 e6 2. c4 d5 3. g3 Nf6 4. Bg2 c6 5. b3 Be7 6. Bb2 Nbd7 7. O-O O-O 8. d4 b6 9. Nbd2 Bb7 10. Qc2 g6
11. Rad1 Rc8 12. e4 dxe4 13. Nxe4 Nxe4 14. Qxe4 Nf6 15. Qe3 Rc7 16. Ne5 Nd7 17. Ng4 Nf6 18. Nh6+ Kg7 19. Bf3 Qd6 20. d5 c5
21. Be5 Qd7 22. Bxc7 Qxc7 23. d6 Bxd6 24. Bxb7 Qxb7 25. Rxd6 Ne4 26. Rd3 f5 27. f3 Nf6 28. g4 Qe7 29. gxf5 gxf5 30. Nxf5+
1-0

[Event "Autumn Tournament 2016"]
[Site "SchemingMind.com"]
[Date "2016.09.03"]
[Round "-"]
[White "Simon Green"]
[Black "fanfan_la_Tulipe"]
[Result "0-1"]
[WhiteCountry "ENG"]
[BlackCountry "AUT"]
[WhiteElo "1600"]
[WhiteRD "67"]
[BlackElo "2081"]
[BlackRD "86"]
[GameID "403274"]

1. d4 Nf6 2. e3 g6 3. Bd3 Bg7 4. f4 d6 5. Nf3 O-O 6. O-O c5 7. c3 b6 8. Nbd2 Bb7 9. Qe1 Nbd7 10. a3 Qc7
11. b4 cxd4 12. cxd4 Qc3 13. Ra2 Qxd3 14. Qf2 Ne4 15. Qe1 Nxd2 16. Rxd2 Qb5 17. Bb2 Nf6 18. Qe2 Qxe2 19. Rxe2 Ba6 20. Rff2 Bxe2
21. Rxe2 Ne4 22. g3 Rfc8 23. Kg2 Rc4 24. Nd2 Nxd2 25. Rxd2 Rac8 26. Kh3 Rc2 27. Rxc2 Rxc2
0-1

[Event "Autumn Tournament 2016"]
[Site "SchemingMind.com"]
[Date "2016.09.03"]
[Round "-"]
[White "Simon Green"]
[Black "Stephen Woodhouse"]
[Result "0-1"]
[WhiteCountry "ENG"]
[BlackCountry "ENG"]
[WhiteElo "1600"]
[WhiteRD "64"]
[BlackElo "1891"]
[BlackRD "56"]
[GameID "403275"]

1. d4 e6 2. e3 d5 3. Bd3 Nf6 4. f4 c5 5. c3 Nc6 6. Nf3 Bd6 7. O-O O-O 8. Nbd2 Bd7 9. Qe1 Rc8 10. Ne5 cxd4
11. cxd4 Nb4 12. Ndf3 Nxd3 13. Nxd3 Bb5 14. Qd2 Ne4 15. Qd1 Qc7 16. Re1 Qc2 17. Qxc2 Rxc2 18. Nde5 Bb4 19. Rd1 Be2 20. a3 Bxd1
21. axb4 Bxf3 22. gxf3 Rfc8 23. fxe4 Rxc1+ 24. Rxc1 Rxc1+ 25. Kg2 dxe4 26. Nd7 Rc2+ 27. Kg3 Rxb2
0-1

[Event "Autumn Tournament 2016"]
[Site "SchemingMind.com"]
[Date "2016.09.03"]
[Round "-"]
[White "Stephen Woodhouse"]
[Black "Simon Green"]
[Result "1-0"]
[WhiteCountry "ENG"]
[BlackCountry "ENG"]
[WhiteElo "1891"]
[WhiteRD "56"]
[BlackElo "1600"]
[BlackRD "64"]
[GameID "403276"]

1. e4 e6 2. d4 d5 3. Nd2 Nf6 4. e5 Nfd7 5. Bd3 c5 6. c3 c4 7. Bc2 b5 8. Ne2 Be7 9. O-O O-O 10. f4 f5
11. exf6 Nxf6 12. Nf3 h6 13. Ne5 Bd7 14. Ng6 Rf7 15. Nxe7+ Qxe7 16. Ng3 Nc6 17. f5 e5 18. dxe5 Nxe5 19. Nh5 Qc5+ 20. Kh1 Ne4
21. Bxe4 dxe4 22. Qe2 Rxf5 23. Be3 Rxf1+ 24. Rxf1 Qe7 25. Bd4 Bg4 26. Qxe4 Re8 27. Ng3 Qg5 28. Re1 Kf7 29. Bxe5
1-0

[Event "Autumn Tournament 2016"]
[Site "SchemingMind.com"]
[Date "2016.09.05"]
[Round "-"]
[White "Simon Green"]
[Black "flyinduck"]
[Result "0-1"]
[WhiteCountry "ENG"]
[BlackCountry "CAN"]
[WhiteElo "1616"]
[WhiteRD "66"]
[BlackElo "2021"]
[BlackRD "57"]
[GameID "403277"]

1. d4 Nf6 2. e3 d5 3. Bd3 c5 4. c3 Nc6 5. f4 g6 6. Nf3 Bg7 7. O-O O-O 8. Nbd2 b6 9. Qe1 Na5 10. Ne5 Nb7
11. Ndf3 Nd6 12. Bd2 Nfe4 13. Nc6 Qe8 14. dxc5 Nxc5 15. Nb4 Nxd3 16. Nxd3 Ba6 17. Qb1 Qb5 18. Nb4 Qxf1+ 19. Qxf1 Bxf1 20. Kxf1 e6
21. Nc2 Rfc8 22. Ncd4 Ne4 23. Ke2 Nxd2 24. Kxd2 Kf8 25. Kd3 Ke7 26. Rf1 f6 27. g4 e5 28. fxe5 fxe5 29. Nxe5 Bxe5 30. Nf3 Rf8
31. Ke2 Bg7 32. h4 h6 33. Rd1 Rad8 34. Nd4 Bxd4 35. cxd4 Rc8 36. Rd2 Rc1
0-1

[Event "Autumn Tournament 2016"]
[Site "SchemingMind.com"]
[Date "2016.09.07"]
[Round "-"]
[White "flyinduck"]
[Black "Simon Green"]
[Result "1/2-1/2"]
[WhiteCountry "CAN"]
[BlackCountry "ENG"]
[WhiteElo "2021"]
[WhiteRD "57"]
[BlackElo "1616"]
[BlackRD "66"]
[GameID "403278"]

1. d4 e6 2. e4 d5 3. Nc3 Nf6 4. e5 Nfd7 5. Nf3 c5 6. Bf4 Nc6 7. Bb5 cxd4 8. Nxd4 Nxd4 9. Qxd4 Qc7 10. O-O a6
11. Bxd7+ Bxd7 12. Rfe1 Bc5 13. Qd3 O-O 14. Qg3 f5 15. Ne2 Rf7 16. c3 Bb5 17. Nd4 Bxd4 18. cxd4 Qc2 19. Qa3 Qc6 20. Rac1 Qb6
21. Qc5=
1/2-1/2

[Event "Autumn Tournament 2016"]
[Site "SchemingMind.com"]
[Date "2016.09.07"]
[Round "-"]
[White "Simon Green"]
[Black "JAHI"]
[Result "0-1"]
[WhiteCountry "ENG"]
[BlackCountry "INT"]
[WhiteElo "1616"]
[WhiteRD "66"]
[BlackElo "2028"]
[BlackRD "57"]
[GameID "403279"]

1. d4 g6 2. e3 Bg7 3. Bd3 c6 4. f4 a6 5. Nf3 a5 6. O-O b6 7. Nbd2 Na6 8. c3 b5 9. Ne5 a4 10. a3 Qa5
11. b4 Qb6 12. Qe1 d6 13. Nef3 d5 14. Ne5 Nc7 15. Qh4 Nh6 16. Ndf3 f6 17. Nxg6 hxg6 18. Bxg6+ Kd8 19. Qg3 Bf8 20. Nh4 e6
21. Bd2 Nf5 22. Bxf5 exf5 23. Be1 Ne8 24. Qg6 Rh6 25. Qg3 Ra7 26. Qg8 Bg7
0-1